Life's like that : (Record no. 113978)

MARC details
000 -LEADER
fixed length control field 00769nam a2200241 i 4500
001 - CONTROL NUMBER
control field C2-0311791
003 - CONTROL NUMBER IDENTIFIER
control field PPAK
005 - DATE AND TIME OF LATEST TRANSACTION
control field 20180728103556.0
008 - FIXED-LENGTH DATA ELEMENTS--GENERAL INFORMATION
fixed length control field 110803s2004 my |||| ||||| | eng d
020 ## - INTERNATIONAL STANDARD BOOK NUMBER
International Standard Book Number 9789679788860
040 ## - CATALOGING SOURCE
Original cataloging agency PPAK
Language of cataloging eng
Transcribing agency PPAK
Description conventions rda
082 04 - DEWEY DECIMAL CLASSIFICATION NUMBER
Classification number 959.5
Edition number 23
090 00 - LOCALLY ASSIGNED LC-TYPE CALL NUMBER (OCLC); LOCAL CALL NUMBER (RLIN)
Classification number (OCLC) (R) ; Classification number, CALL (RLIN) (NR) 959.5
Feature heading TEH
Feature heading G
100 1# - MAIN ENTRY--PERSONAL NAME
Personal name Teh, Lydia,
Relator term author
245 10 - TITLE STATEMENT
Title Life's like that :
Remainder of title scenes from Malaysian life
264 #1 - PRODUCTION, PUBLICATION, DISTRIBUTION, MANUFACTURE, AND COPYRIGHT NOTICE
Place of production, publication, distribution, manufacture Subang Jaya, Selangor :
Name of producer, publisher, distributor, manufacturer Pelanduk Publications ,
Date of production, publication, distribution, manufacture, or copyright notice 2004
300 ## - PHYSICAL DESCRIPTION
Extent xiv, 306 pages ;
Dimensions 21 cm
336 ## - CONTENT TYPE
Source rdacontent
Content type term text
337 ## - MEDIA TYPE
Source rdamedia
Media type term unmediated
338 ## - CARRIER TYPE
Source rdacarrier
Carrier type term volume
650 10 - SUBJECT ADDED ENTRY--TOPICAL TERM
Topical term or geographic name entry element Malaysia - Anecdotes. ; Malaysians - Anecdotes. ; Cultural sociology - Anecdotes. ; Social life - Anecdotes.
942 ## - ADDED ENTRY ELEMENTS (KOHA)
-- dc
Koha item type Book
Holdings
Withdrawn Not for loan Current library Shelving location Date acquired Total Checkouts Total Renewals Full call number Barcode Date last seen Date last checked out Koha item type
    Perpustakaan Alor Setar Pinjaman Dewasa 08/08/2011 2 1 959.5 TEH A01326791 28/12/2020 02/12/2020 Book
    Perpustakaan Alor Setar Pinjaman Dewasa 08/08/2011     959.5 TEH A01326792 09/05/2018   Book
    Perpustakaan Awam Sungai Petani Pinjaman Dewasa 08/08/2011 4 1 959.5 TEH A01326793 31/07/2022 09/07/2022 Book
    Perpustakaan Baling Pinjaman Dewasa 08/08/2011 2 1 959.5 TEH A01326796 20/08/2025 09/08/2025 Book
    Perpustakaan Jitra Pinjaman Dewasa 08/08/2011 1   959.5 TEH A01326794 17/01/2021 23/11/2020 Book
    Perpustakaan Kulim Pinjaman Dewasa 08/08/2011 4 1 959.5 TEH A01326795 24/02/2024 03/02/2024 Book
    Perpustakaan Merbok Pinjaman Dewasa 08/08/2011 3   959.5 TEH A01326797 02/03/2024 13/02/2024 Book